| 000 | 00434nam a2200145Ia 4500 | ||
|---|---|---|---|
| 008 | 170725s9999 xx 000 0 und d | ||
| 100 | _aMatthew Patrick | ||
| 245 | _aKD-ART: Should we intensify or diversify tests to kill mutants? | ||
| 245 | _cMatthew Patrick, Yue Jia | ||
| 260 | _c2017 | ||
| 300 | _apages 36-51, January | ||
| 440 |
_aInformation and software technology _v81: |
||
| 500 | _aCJ0030 | ||
| 650 | _aMutation Testing | ||
| 999 |
_c340880 _d340880 |
||